Anatomie et médecine en h - Statistiques

Statistiques générales
  • Ce quiz a été pris 124 fois
  • Le résultat moyen est 8 sur 14
Statistiques - réponses
Hint Réponse % Correct
Quel os du bras se situe entre l’épaule et le coude ? humérus
97%
Quelle complication grave peut être définie comme une perte de sang abondante à l’intérieur ou à l’extérieur du corps ? hémorragie
88%
Comment appelle-t-on le pigment du sang qui transporte l’oxygène ? hémoglobine
80%
Comment appelle-t-on une pression artérielle trop élevée ? hypertension
77%
Quel terme désigne une inflammation du foie ? hépatite
72%
Quelle glande du cerveau contrôle les autres glandes hormonales ? hypophyse
68%
Quelle partie du corps relie le tronc aux jambes et permet de marcher ? hanche
65%
Quelle membrane située à l’entrée du vagin peut être présente chez certaines femmes ? hymen
60%
Comment appelle-t-on une augmentation du volume d’un muscle ? hypertrophie
56%
Quelle région du cerveau régule la faim et la température ? hypothalamus
51%
Quelle substance est libérée lors des réactions allergiques ? histamine
42%
Quelle discipline scientifique étudie les tissus du corps ? histologie
36%
Quel mot désigne la destruction des globules rouges ? hémolyse
23%
Comment appelle-t-on le tissu blanc-bleuté qui recouvre et soutient les os au niveau des articulations ? hyalin
18%
Aucun quiz correspondant
Distribution des résultats
% des personnes avec chaque résultat
Percentile par nombre de réponses
Votre historique - résultats
Vous n’avez pas pris ce quiz